[Event "Mondiale Semilampo 2016"]
[Site "Doha QAT"]
[Date "2016.12.27"]
[Round "7.26"]
[White "Salem, A.R. Saleh"]
[Black "Tregubov, Pavel V."]
[Result "1/2-1/2"]
[WhiteTitle "GM"]
[BlackTitle "GM"]
[WhiteElo "2656"]
[BlackElo "2585"]
[WhiteFideId "9301348"]
[BlackFideId "4115341"]
[EventDate "2016.12.26"]

1. d4 Nf6 2. c4 e6 3. Nc3 Bb4 4. e3 O-O 5. Bd3 d5 6. Nf3 c5 7. O-O dxc4 8. Bxc4
Nc6 9. Bd3 Qe7 10. a3 Ba5 11. Ne4 Nxe4 12. Bxe4 Bb6 13. dxc5 Qxc5 14. b4 Qh5 15.
Bb2 Rd8 16. Qb3 Bd7 17. Rac1 Be8 18. a4 a6 19. Rc4 f5 20. Bb1 Bf7 21. Qc3 Qg6
22. b5 axb5 23. axb5 Na5 24. Ne5 Qf6 25. Qc2 Nxc4 26. Nxc4 e5 27. Nxb6 Qxb6 28.
Qxf5 Bg6 29. Qxe5 Rd7 30. Bd4 Qd6 31. Bxg6 Qxe5 32. Bxe5 hxg6 33. Bd4 Rc7 34. g4
Rc2 35. Kg2 g5 36. Kg3 Raa2 37. h3 Kf7 38. f4 Rg2+ 39. Kf3 Rh2 40. Ke4 Rxh3 41.
f5 Rhh2 42. Kd5 Rhf2 43. Rb1 Rg2 44. Kd6 Rxg4 45. Rc1 Rd2 46. Rc7+ Kf8 47. Ke6
Rgxd4 48. exd4 Re2+ 49. Kd6 g4 50. Rxb7 g3 51. Ra7 Rb2 52. Kc6 Rc2+ 53. Kd6 Rb2
54. Kc6 Rc2+ 55. Kd5 Rb2 56. Kc5 Rc2+ 57. Kd6 Rb2 58. Kc5 Rc2+ 59. Kd5 Rb2 60.
Kc6 Rc2+ 61. Kb7 Rf2 62. Ra3 Rxf5 63. b6 g2 64. Rg3 Rf2 65. Kb8 Ke7 66. b7 Kd8
67. Ka7 Ra2+ 68. Kb6 Rb2+ 69. Kc6 Rc2+ 70. Kd6 Rb2 71. Kc6 Rc2+ 72. Kb6 Rb2+ 73.
Ka7 Ra2+ 74. Kb8 Kd7 75. Rxg7+ Kd6 76. Kc8 Rc2+ 77. Kd8 Rb2 78. Kc8 Rc2+ 79. Kd8
Rb2 80. Kc8 1/2-1/2

[Event "Mondiale Semilampo 2016"]
[Site "Doha QAT"]
[Date "2016.12.27"]
[Round "7.27"]
[White "Naiditsch, Arkadij"]
[Black "Henriquez Villagra, Cristobal"]
[Result "0-1"]
[WhiteTitle "GM"]
[BlackTitle "IM"]
[WhiteElo "2687"]
[BlackElo "2517"]
[WhiteFideId "4650891"]
[BlackFideId "3409350"]
[EventDate "2016.12.26"]

1. e4 c5 2. Nf3 d6 3. d4 cxd4 4. Nxd4 Nf6 5. Nc3 Nc6 6. Bg5 e6 7. Qd2 a6 8.
O-O-O h6 9. Be3 Be7 10. f3 Nxd4 11. Bxd4 e5 12. Be3 Be6 13. Kb1 Rc8 14. g4 Qa5
15. Nd5 Qxd2 16. Nxf6+ gxf6 17. Rxd2 h5 18. Rg1 hxg4 19. fxg4 Bc4 20. b3 Bxf1
21. Rxf1 Rh3 22. Bg1 Kd7 23. Rd3 Rch8 24. Rff3 R3h4 25. h3 f5 26. Rxf5 Rxh3 27.
Rxh3 Rxh3 28. Bf2 Ke6 29. a4 Rh2 30. Rf3 Rg2 31. Bb6 Rxg4 32. Rc3 Rxe4 33. Rc7
a5 34. Rxb7 Rb4 35. c3 Rxb3+ 36. Ka2 Rxc3 37. Bxa5 Rc4 38. Kb3 d5 39. Rb6+ Bd6
40. Bc3 Kd7 41. a5 Rc6 42. Rb7+ Rc7 43. Rb6 d4 44. Bd2 e4 45. a6 e3 46. Bb4 Bxb4
47. Rxb4 f5 48. Rxd4+ Ke6 49. Rd8 f4 50. Ra8 Re7 51. Kc2 f3 52. Rf8 e2 53. Kd2
Rd7+ 0-1

[Event "Mondiale Semilampo 2016"]
[Site "Doha QAT"]
[Date "2016.12.27"]
[Round "7.28"]
[White "Adly, Ahmed"]
[Black "Mamedov, Rauf"]
[Result "0-1"]
[WhiteTitle "GM"]
[BlackTitle "GM"]
[WhiteElo "2599"]
[BlackElo "2688"]
[WhiteFideId "10601619"]
[BlackFideId "13401653"]
[EventDate "2016.12.26"]

1. d4 Nf6 2. Nf3 g6 3. c4 Bg7 4. g3 O-O 5. Bg2 c6 6. O-O d5 7. cxd5 cxd5 8. Nc3
Nc6 9. Ne5 Bf5 10. Bf4 Ne4 11. Rc1 Rc8 12. Nxe4 Bxe4 13. Bh3 e6 14. f3 g5 15.
Nxc6 Rxc6 16. Rxc6 bxc6 17. fxe4 gxf4 18. Rxf4 dxe4 19. Rxe4 c5 20. e3 cxd4 21.
exd4 Qd5 22. Bg2 Qxa2 23. Re2 Rd8 24. Rd2 Bh6 25. Qg4+ Kh8 26. Rd1 Qxb2 27. Qh4
Rxd4 28. Qxd4+ Qxd4+ 29. Rxd4 Be3+ 30. Kf1 Bxd4 31. g4 a5 32. Bc6 Kg7 33. Ke2 h6
34. Kd3 Be5 35. h3 Kf6 36. Ke4 Bg3 37. Be8 Ke7 38. Ba4 Kd6 39. Be8 f6 40. Ba4
Kc5 41. Bb3 e5 42. Kd3 Kb4 43. Be6 a4 44. Bd5 a3 45. Bf7 Bh4 46. Bg8 Bg5 47. Be6
h5 48. h4 hxg4 49. hxg5 fxg5 50. Kc2 g3 51. Bd5 Kc5 52. Bg2 Kd4 0-1

[Event "Mondiale Semilampo 2016"]
[Site "Doha QAT"]
[Date "2016.12.27"]
[Round "7.29"]
[White "Banikas, Hristos"]
[Black "Ghaem Maghami, Ehsan"]
[Result "1/2-1/2"]
[WhiteTitle "GM"]
[BlackTitle "GM"]
[WhiteElo "2568"]
[BlackElo "2574"]
[WhiteFideId "4202031"]
[BlackFideId "12500739"]
[EventDate "2016.12.26"]

1. Nf3 Nf6 2. d4 e6 3. c4 d5 4. Nc3 dxc4 5. e3 a6 6. a4 b6 7. Bxc4 Bb7 8. O-O
Bb4 9. Qe2 O-O 10. Rd1 Qe7 11. Ne5 Nbd7 12. Nxd7 Qxd7 13. f3 Nd5 14. Na2 Be7 15.
e4 Nb4 16. Nc3 c5 17. Be3 cxd4 18. Bxd4 Qc7 19. Bb3 Rfd8 20. Kh1 Bc5 21. Bxc5
Qxc5 22. Rac1 Rxd1+ 23. Rxd1 Nc6 24. Qd2 Kf8 25. Qd7 Qe7 26. Bc4 Rd8 27. Qxe7+
Kxe7 28. Rxd8 Kxd8 29. Kg1 Kd7 30. Kf2 Kd6 31. Ke3 Kc5 32. Be2 Nb4 33. Nb1 Nc2+
34. Kd2 Nd4 35. Bd1 b5 36. axb5 axb5 37. Ke3 e5 38. Nd2 f6 39. Nb3+ Nxb3 40.
Bxb3 b4 41. Bc2 Bc6 42. Bd3 Ba4 43. Be2 Bb3 44. Bf1 Bc4 45. Bd3 g5 46. g3 h6 47.
Bc2 1/2-1/2

[Event "Mondiale Semilampo 2016"]
[Site "Doha QAT"]
[Date "2016.12.27"]
[Round "7.30"]
[White "Grandelius, Nils"]
[Black "Adhiban, Baskaran"]
[Result "0-1"]
[WhiteTitle "GM"]
[BlackTitle "GM"]
[WhiteElo "2643"]
[BlackElo "2666"]
[WhiteFideId "1710400"]
[BlackFideId "5018471"]
[EventDate "2016.12.26"]

1. e4 e5 2. Nf3 Nc6 3. Bb5 a6 4. Ba4 d6 5. c3 f5 6. exf5 Bxf5 7. O-O Bd3 8. Re1
Be7 9. Qb3 b5 10. Qd5 Qd7 11. Qxd3 bxa4 12. Qc2 Nf6 13. d3 O-O 14. Nbd2 d5 15.
Qxa4 Bd6 16. c4 Nb4 17. Qxd7 Nxd7 18. cxd5 Nc2 19. Rb1 Nxe1 20. Nxe1 Nb6 21. Ne4
Nxd5 22. Bd2 Rfb8 23. Nc2 a5 24. Ne3 Nf4 25. Nc4 Nxd3 26. Kf1 a4 27. Bc3 Bb4 28.
Nxe5 Bxc3 29. Nxd3 Bd4 30. Ke2 Ra6 31. Kd2 Rc6 32. f3 Rc4 33. b3 axb3 34. axb3
Rc6 35. b4 Ra8 36. Nf4 Be5 37. Nd3 Bd4 38. Nf4 h6 39. b5 Rc4 40. Kd3 Rca4 41.
Rc1 Bb6 42. Ne6 Ra3+ 43. Kc4 Kf7 44. Nf4 Be3 45. Ne2 Bxc1 46. Nxc1 Rd8 47. Nb3
Ra2 48. Nbc5 Rc2+ 49. Kb4 Rxg2 50. Na6 Rc2 51. Nec5 Rd5 52. h3 h5 53. h4 Ke7 54.
Ne4 c6 55. Nc7 Rxb5+ 56. Nxb5 cxb5 0-1

[Event "Mondiale Semilampo 2016"]
[Site "Doha QAT"]
[Date "2016.12.27"]
[Round "7.31"]
[White "Quparadze, Giga"]
[Black "Xu, Yi"]
[Result "1-0"]
[WhiteTitle "IM"]
[BlackTitle "IM"]
[WhiteElo "2481"]
[BlackElo "2430"]
[WhiteFideId "13602250"]
[BlackFideId "8605564"]
[EventDate "2016.12.26"]

1. e4 e5 2. Nf3 Nc6 3. Bc4 Bc5 4. O-O Nf6 5. d3 d6 6. c3 a6 7. Bb3 h6 8. Nbd2
O-O 9. h3 Be6 10. Re1 Re8 11. Nf1 d5 12. Qe2 Qd7 13. N3h2 Rad8 14. Ng3 dxe4 15.
dxe4 Qd3 16. Qxd3 Rxd3 17. Nf3 Bxb3 18. axb3 a5 19. Kf1 Red8 20. Ke2 g5 21. Kf1
b5 22. Be3 Bxe3 23. Rxe3 Rxe3 24. fxe3 g4 25. hxg4 Nxg4 26. Ke2 Nf6 27. Rh1 h5
28. Nd2 Kg7 29. Nf3 Kf8 30. Rh4 a4 31. b4 a3 32. bxa3 Ra8 33. Nxh5 Ng8 34. Ne1
Rxa3 35. Kd2 Ra2+ 36. Nc2 Ra8 37. Rh1 Ke7 38. g4 Rd8+ 39. Ke2 Nb8 40. g5 Nd7 41.
Ng3 Nb6 42. Nf5+ Ke6 43. Ne1 Ne7 44. Rh6+ Ng6 45. Nd3 Na4 46. Nc5+ Nxc5 47. bxc5
Rh8 48. Kf3 Kd7 49. Kg4 Ra8 50. c6+ Kxc6 51. Ne7+ Kc5 52. Nxg6 fxg6 53. Rxg6 Ra3
54. Re6 Rxc3 55. g6 Rc1 56. Rxe5+ Kd6 57. Rxb5 Ke6 58. Rf5 c5 59. Kg5 c4 60. Kh6
c3 61. Rc5 c2 62. Kg7 Ke7 63. e5 Ke6 64. e4 Ke7 65. Rc6 Ke8 66. e6 Ke7 67. e5
Ke8 68. Rc7 Kd8 69. e7+ Ke8 70. e6 Re1 71. Rc8+ Kxe7 72. Rxc2 Kxe6 73. Kg8 Ra1
74. g7 Ke7 75. Rh2 Kf6 76. Kh8 Ra2 77. Rxa2 1-0

[Event "Mondiale Semilampo 2016"]
[Site "Doha QAT"]
[Date "2016.12.27"]
[Round "7.32"]
[White "Perez Ponsa, Federico"]
[Black "Vallejo Pons, Francisco"]
[Result "1/2-1/2"]
[WhiteTitle "GM"]
[BlackTitle "GM"]
[WhiteElo "2585"]
[BlackElo "2711"]
[WhiteFideId "117927"]
[BlackFideId "2205530"]
[EventDate "2016.12.26"]

1. e4 e5 2. Nf3 Nc6 3. Bb5 Bc5 4. O-O Nd4 5. Nxd4 Bxd4 6. c3 Bb6 7. d4 c6 8. Ba4
d6 9. Na3 Nf6 10. Bc2 Be6 11. h3 h6 12. Be3 O-O 13. dxe5 dxe5 14. Qf3 Bxe3 15.
Qxe3 Qb6 16. Qxb6 axb6 17. Rfe1 Rfd8 18. Bb3 Bxb3 19. axb3 b5 20. Re2 Nd7 21. b4
Nb6 22. Rc1 Rd3 23. Kf1 Rad8 24. Ke1 f6 25. Nb1 Nc4 26. b3 Nd6 27. f3 Kf7 28.
Rd2 Rxd2 29. Nxd2 Ra8 30. Rc2 h5 31. h4 Ra1+ 32. Kf2 Ke6 33. c4 Rh1 34. Nf1 bxc4
35. bxc4 g5 36. hxg5 fxg5 37. g3 g4 38. Kg2 Rh3 39. c5 Nf7 40. fxg4 hxg4 41. Ne3
Rh8 42. Nxg4 Rd8 43. Ne3 Rd4 44. Rc4 Ng5 45. Rxd4 exd4 46. Nc4 Nxe4 47. Kf3 Nc3
48. Na5 Kd5 49. Nxb7 Na2 50. g4 Nxb4 51. g5 Nd3 52. Ke2 Ne5 53. Kd1 Ke4 54. Na5
Kd5 55. Nb7 Ke4 56. Na5 Kf5 57. Nb3 d3 58. Kd2 Ke4 59. Kc3 Kf5 60. Nd4+ Kxg5 61.
Nxc6 Nxc6 1/2-1/2

[Event "Mondiale Semilampo 2016"]
[Site "Doha QAT"]
[Date "2016.12.27"]
[Round "7.34"]
[White "Fressinet, Laurent"]
[Black "Mchedlishvili, Mikheil"]
[Result "0-1"]
[WhiteTitle "GM"]
[BlackTitle "GM"]
[WhiteElo "2672"]
[BlackElo "2601"]
[WhiteFideId "608742"]
[BlackFideId "13600966"]
[EventDate "2016.12.26"]

1. Nf3 d5 2. g3 g6 3. Bg2 Bg7 4. d4 Nf6 5. O-O c6 6. b3 O-O 7. c4 a5 8. Nc3 Ne4
9. Bb2 Bf5 10. e3 Nxc3 11. Bxc3 Be4 12. Qe2 Nd7 13. Rfd1 e6 14. Bf1 Bxf3 15.
Qxf3 Nf6 16. Bd3 h5 17. b4 axb4 18. Bxb4 Re8 19. cxd5 exd5 20. a4 Bf8 21. Be1
Kg7 22. Rab1 Ra7 23. Rdc1 Bd6 24. a5 Qd7 25. Rc2 Bc7 26. a6 bxa6 27. Rbc1 Re6
28. Ra2 a5 29. Rca1 Re8 30. Qd1 h4 31. Bf1 hxg3 32. hxg3 Ne4 33. Bg2 Nd6 34. Qa4
Nb5 35. Rc1 Rb8 36. Qc2 Ra6 37. Ra4 Bd8 38. Bf1 Rba8 39. Rca1 R6a7 40. Rc1 Ra6
41. Qd3 R6a7 42. Bd2 Be7 43. e4 Bb4 44. Be3 dxe4 45. Qc4 Nc7 46. d5 cxd5 47.
Qd4+ Kg8 48. Qe5 Re8 49. Qf6 Ne6 50. Bxa7 Qxa4 51. Bh3 Bf8 52. Bxe6 Rxe6 53. Qh4
Bg7 54. Be3 Re8 55. Bh6 Qd7 56. Kg2 Qe7 57. Bg5 f6 58. Be3 Qd7 59. Rh1 Kf7 60.
Rc1 Rh8 61. Qf4 Qh3+ 0-1

[Event "Mondiale Semilampo 2016"]
[Site "Doha QAT"]
[Date "2016.12.27"]
[Round "7.35"]
[White "Debashis, Das"]
[Black "Halkias, Stelios"]
[Result "1-0"]
[WhiteTitle "GM"]
[BlackTitle "GM"]
[WhiteElo "2472"]
[BlackElo "2585"]
[WhiteFideId "5024854"]
[BlackFideId "4201809"]
[EventDate "2016.12.26"]

1. d4 Nf6 2. c4 e6 3. Nc3 Bb4 4. e3 O-O 5. Bd3 d5 6. Nf3 c5 7. O-O dxc4 8. Bxc4
Nbd7 9. Qe2 a6 10. a3 Ba5 11. Bd2 b5 12. Ba2 cxd4 13. Nxd4 Bb7 14. Rad1 Qe7 15.
f3 Bc7 16. Be1 Rfd8 17. Bf2 Ne5 18. e4 Ng6 19. g3 b4 20. axb4 Qxb4 21. Qc4 Qe7
22. Nb3 Ne5 23. Qe2 Ned7 24. Rd2 Ne5 25. Rfd1 Rxd2 26. Rxd2 h5 27. h4 Ned7 28.
Kg2 Rc8 29. Rc2 Qb4 30. Nd4 Be5 31. Rd2 Nc5 32. Qe3 Qa5 33. Bb1 Qa1 34. Qg5 Bxd4
35. Bxd4 Ncd7 36. e5 Nd5 37. Qxh5 Nf8 38. Be4 Qc1 39. Qg5 Nxc3 40. Bxb7 Nh7 41.
Bxc3 Nxg5 42. Bxc8 Nh7 43. Bxa6 g5 44. h5 g4 45. f4 Kg7 46. Be2 Qe1 47. Bxg4 Nf8
48. Bf3 Qe3 49. Re2 Qc1 50. Rd2 Qe1 51. Rd1 Qe3 52. Rd8 Qc5 53. Bd4 Qc7 54. h6+
Kg8 55. h7+ Kxh7 56. Rxf8 Qc2+ 57. Bf2 Kg7 58. Rb8 1-0

[Event "Mondiale Semilampo 2016"]
[Site "Doha QAT"]
[Date "2016.12.27"]
[Round "7.37"]
[White "Darini, Pouria"]
[Black "Volokitin, Andrei"]
[Result "0-1"]
[WhiteTitle "GM"]
[BlackTitle "GM"]
[WhiteElo "2511"]
[BlackElo "2649"]
[WhiteFideId "12502200"]
[BlackFideId "14107090"]
[EventDate "2016.12.26"]

1. d4 Nf6 2. Nc3 d5 3. Bf4 e6 4. Nb5 Na6 5. e3 c6 6. Nc3 Qb6 7. a3 c5 8. Nf3 Bd7
9. Rb1 Bd6 10. Ne5 Nc7 11. Be2 O-O 12. O-O Rfc8 13. Bf3 cxd4 14. exd4 Be8 15.
Ne2 Nd7 16. c4 Nxe5 17. dxe5 Bf8 18. cxd5 Nxd5 19. Bxd5 Rd8 20. Be3 Qa6 21. Bxb7
Qxb7 22. Nd4 Bc6 23. Qg4 h5 24. Qh3 Be4 25. Rbd1 Qxb2 26. Qxh5 Qxa3 27. Qg4 Bh7
28. h4 Rd5 29. h5 Rxe5 30. h6 Bg6 31. Qg3 Re4 32. Nf3 Rxe3 33. hxg7 Bc5 34. fxe3
Qxe3+ 35. Kh2 Kxg7 36. Qe5+ Qxe5+ 37. Nxe5 Rh8+ 38. Kg3 Rh5 39. Nxg6 Kxg6 40.
Rd7 Rg5+ 41. Kh3 Rh5+ 42. Kg3 f6 43. Rc1 a5 44. Rd8 a4 45. Rg8+ Kf7 46. Ra8 a3
47. Kf3 Rf5+ 48. Kg4 Bd6 49. Rc6 Rd5 50. Ra7+ Kg6 51. Raa6 Rd4+ 52. Kf3 Bb4 53.
Rxe6 Rd3+ 54. Ke4 Rd2 55. Rxf6+ Kg7 56. Rfb6 Be7 57. Rb7 Kf8 58. Ra8+ Kf7 59.
Raa7 Kf8 60. Ra8+ Kf7 0-1

[Event "Mondiale Semilampo 2016"]
[Site "Doha QAT"]
[Date "2016.12.27"]
[Round "7.38"]
[White "Bosiocic, Marin"]
[Black "Firouzja, Alireza"]
[Result "1/2-1/2"]
[WhiteTitle "GM"]
[BlackTitle "IM"]
[WhiteElo "2591"]
[BlackElo "2456"]
[WhiteFideId "14507927"]
[BlackFideId "12573981"]
[EventDate "2016.12.26"]

1. d4 Nf6 2. Nf3 g6 3. c4 Bg7 4. Nc3 O-O 5. e4 d6 6. Be2 e5 7. d5 a5 8. Bg5 h6
9. Be3 Ng4 10. Bd2 f5 11. exf5 gxf5 12. h3 Nf6 13. Qc1 f4 14. g3 e4 15. Nh4 e3
16. fxe3 fxg3 17. Qc2 Nxd5 18. Nxd5 Qxh4 19. O-O-O Bf5 20. Bd3 Bxd3 21. Qxd3 Nd7
22. Nf4 Qg5 23. Rhg1 Nc5 24. Qc2 Rae8 25. Kb1 Ne4 26. Be1 c6 27. Rd3 h5 28. Ra3
b6 29. h4 Qxh4 30. Qg2 Qg4 31. Bxg3 Nxg3 32. Qxg3 Qxg3 33. Rxg3 Re5 34. Rb3 b5
35. cxb5 cxb5 36. Rc3 Rf7 37. Rc8+ Kh7 38. Rd8 Ref5 39. Rxd6 Be5 40. Rb6 Bxf4
41. exf4 Rg7 42. Rh3 Rg4 43. Rb7+ Kg6 44. Rb6+ Kg7 45. Rb7+ Kf6 46. Rb6+ Kg7 47.
Rb7+ Kh6 48. Rb6+ Rg6 49. Rb8 Kh7 50. a3 Rg7 51. Ka2 Rd7 52. Rg3 h4 53. Rgg8
Rxf4 54. Rh8+ Kg7 55. Rbg8+ Kf6 56. Rh6+ Kf7 57. Rgh8 Ke7 58. Rh5 a4 59. Rxb5
Rd1 60. Ra5 Kf7 61. Rah5 Rff1 62. R8h7+ Kg8 1/2-1/2

[Event "Mondiale Semilampo 2016"]
[Site "Doha QAT"]
[Date "2016.12.27"]
[Round "7.39"]
[White "Lu, Shanglei"]
[Black "Salinas Herrera, Pablo"]
[Result "1-0"]
[WhiteTitle "GM"]
[BlackTitle "IM"]
[WhiteElo "2627"]
[BlackElo "2466"]
[WhiteFideId "8603332"]
[BlackFideId "3407128"]
[EventDate "2016.12.26"]

1. e4 c5 2. Nf3 d6 3. d4 cxd4 4. Nxd4 Nf6 5. Nc3 e6 6. g4 h6 7. h4 Nc6 8. Rg1 h5
9. gxh5 Nxh5 10. Bg5 Nf6 11. Qd2 a6 12. O-O-O Qb6 13. Nb3 Qc7 14. f4 Bd7 15. f5
Ne5 16. Nd4 O-O-O 17. Bh3 Re8 18. Kb1 Kb8 19. Qf2 Bc8 20. Rdf1 Nc4 21. Nde2 Be7
22. fxe6 fxe6 23. Nf4 Bd8 24. Ng6 Rhg8 25. Bc1 Qc6 26. Qe2 Nd7 27. Bg5 Ba5 28.
Rg3 Nde5 29. Ne7 Qb6 30. b3 Na3+ 31. Kb2 Bxc3+ 32. Rxc3 Nb5 33. Rg3 Nd4 34. Qd1
Rgf8 35. Rxf8 Rxf8 36. Rc3 Nb5 37. Rxc8+ Rxc8 38. Nxc8 Qa5 39. a4 Nc4+ 40. bxc4
Qb4+ 41. Kc1 Qa3+ 42. Kd2 Qc3+ 43. Ke2 Qxh3 44. axb5 1-0

[Event "Mondiale Semilampo 2016"]
[Site "Doha QAT"]
[Date "2016.12.27"]
[Round "7.40"]
[White "Shytaj, Luca"]
[Black "Jumabayev, Rinat"]
[Result "0-1"]
[WhiteTitle "IM"]
[BlackTitle "GM"]
[WhiteElo "2435"]
[BlackElo "2611"]
[WhiteFideId "812633"]
[BlackFideId "13702661"]
[EventDate "2016.12.26"]

1. e4 c5 2. Nf3 d6 3. d4 cxd4 4. Nxd4 Nf6 5. Nc3 a6 6. h3 e5 7. Nf3 Be7 8. a4
O-O 9. Bc4 Be6 10. Bxe6 fxe6 11. O-O Nc6 12. Be3 h6 13. Kh2 d5 14. Bc1 d4 15.
Nb1 Nxe4 16. Qe2 Nf6 17. Nbd2 Qd5 18. Re1 Bb4 19. c3 dxc3 20. bxc3 Bxc3 21. Ra3
Nd4 22. Nxd4 exd4 23. Qxe6+ Qxe6 24. Rxe6 Rae8 25. Rxe8 Rxe8 26. Nb1 Nd5 27. Bd2
Rc8 28. g3 b6 29. Kg2 a5 30. Kf3 Bxd2 31. Nxd2 Nc3 32. Nb3 Rc4 33. Nxd4 Rxd4 34.
Rxc3 Rxa4 35. Rb3 Rb4 36. Rxb4 axb4 37. Ke3 Kf7 38. Kd3 Ke6 39. Kc4 Ke5 40. f3
b3 41. Kxb3 0-1

[Event "Mondiale Semilampo 2016"]
[Site "Doha QAT"]
[Date "2016.12.27"]
[Round "7.41"]
[White "Gholami, Aryan"]
[Black "Anton Guijarro, David"]
[Result "0-1"]
[WhiteTitle "IM"]
[BlackTitle "GM"]
[WhiteElo "2422"]
[BlackElo "2650"]
[WhiteFideId "12513342"]
[BlackFideId "2285525"]
[EventDate "2016.12.26"]

1. e4 e5 2. Nf3 Nc6 3. Bb5 a6 4. Ba4 Nf6 5. O-O Be7 6. d3 b5 7. Bb3 d6 8. c3 O-O
9. Nbd2 Na5 10. Bc2 c5 11. d4 Nd7 12. Re1 Re8 13. d5 Nb6 14. b3 Bd7 15. Nf1 c4
16. b4 Nb7 17. a3 a5 18. Rb1 Qc7 19. h3 Nd8 20. g4 f6 21. Ng3 Nf7 22. Kh2 Bf8
23. Rg1 axb4 24. cxb4 g6 25. Ne2 Bh6 26. Bxh6 Nxh6 27. Qc1 Nf7 28. Nc3 Ra6 29.
Ra1 Rea8 30. Nb1 Qd8 31. Qe3 Ng5 32. Nfd2 Qf8 33. h4 Nf7 34. Kg3 Kh8 35. f3 f5
36. Kh2 Qe7 37. g5 f4 38. Qe1 Kg7 39. Kg2 Rh8 40. Kf1 h6 41. gxh6+ Rxh6 42. Rh1
Rh5 43. Ke2 Qd8 44. Kd1 Qh8 45. Nc3 g5 46. Qg1 Rxh4 47. Rxh4 Qxh4 48. a4 Nxa4
49. Bxa4 g4 50. fxg4 Qh3 51. Ndb1 bxa4 52. b5 Ra8 53. Ra2 Rh8 54. Kc1 f3 55. b6
Qxg4 56. Qf2 Qf4+ 57. Rd2 Ng5 58. b7 Nh3 59. Qb6 f2 60. Qxd6 f1=Q+ 61. Kb2 a3+
62. Kxa3 Qf8 0-1

[Event "Mondiale Semilampo 2016"]
[Site "Doha QAT"]
[Date "2016.12.27"]
[Round "7.42"]
[White "Belyakov, Bogdan"]
[Black "Najer, Evgeniy"]
[Result "0-1"]
[WhiteTitle "IM"]
[BlackTitle "GM"]
[WhiteElo "2487"]
[BlackElo "2679"]
[WhiteFideId "24104795"]
[BlackFideId "4118987"]
[EventDate "2016.12.26"]

1. e4 c5 2. c3 d5 3. exd5 Qxd5 4. d4 Nf6 5. Nf3 e6 6. Be2 Be7 7. O-O O-O 8. Na3
Nc6 9. Nb5 Qd8 10. dxc5 Bxc5 11. b4 Be7 12. Qb3 a6 13. Rd1 Bd7 14. Nbd4 Qc7 15.
Nxc6 Bxc6 16. Nd4 Bd7 17. c4 e5 18. Nc2 a5 19. bxa5 Rxa5 20. Be3 Ba4 21. Qb2 b5
22. Rdc1 bxc4 23. Bb6 Qb8 24. Rab1 Rb5 25. Qxb5 Bxb5 26. Rxb5 Bd8 27. Rcb1 Bxb6
28. Rxb6 Qc8 29. Ne3 c3 30. Rc1 Qc5 31. Rb3 Qa5 32. a3 Ne4 33. Bf3 Qa4 34. Bd1
Qd4 35. Rb4 Qd2 36. Rxe4 Qxc1 37. Rc4 f5 0-1

[Event "Mondiale Semilampo 2016"]
[Site "Doha QAT"]
[Date "2016.12.27"]
[Round "7.43"]
[White "Flores, Diego"]
[Black "Neelotpal, Das"]
[Result "1-0"]
[WhiteTitle "GM"]
[BlackTitle "GM"]
[WhiteElo "2579"]
[BlackElo "2463"]
[WhiteFideId "108049"]
[BlackFideId "5003512"]
[EventDate "2016.12.26"]

1. c4 Nf6 2. Nc3 e5 3. Nf3 Nc6 4. e3 Bb4 5. Nd5 e4 6. Ng1 O-O 7. Qc2 Re8 8. a3
Bf8 9. Ne2 b6 10. Nec3 Bb7 11. Be2 Ne5 12. O-O Nxd5 13. cxd5 f5 14. d4 exd3 15.
Bxd3 g6 16. Be2 Qh4 17. Rd1 Rac8 18. Bd2 Ng4 19. Bxg4 Qxg4 20. Qb3 d6 21. Nb5 a6
22. Na7 Ra8 23. Nc6 Qe4 24. Rac1 Bg7 25. Rc4 Qxd5 26. Bc3 Qf7 27. Bxg7 b5 28.
Rc3 Qxb3 29. Rxb3 Bxc6 30. Rc3 Kxg7 31. Rxc6 Ra7 32. h3 Kf7 33. g4 fxg4 34. hxg4
Ke7 35. Kg2 Kd7 36. Rc3 Rb7 37. b4 Ra7 38. f4 a5 39. Kf3 axb4 40. axb4 Ra4 41.
Rdc1 Ra7 42. R3c2 Re7 43. f5 gxf5 44. gxf5 Ke8 45. Kf4 Ra3 46. e4 Rh3 47. Rxc7
Rh4+ 48. Kg5 Rxc7 49. Rxc7 Rxe4 50. Kf6 Rxb4 51. Re7+ Kf8 52. Rxh7 Kg8 53. Rd7
Rf4 54. Rd8+ Kh7 55. Ke6 b4 56. Rb8 Re4+ 57. Kf7 Rc4 58. f6 Kh6 59. Ke6 Re4+ 60.
Kf7 Rc4 61. Rb5 Rc7+ 62. Ke6 d5 63. Rxb4 Rc6+ 64. Kf5 Ra6 65. Rh4# 1-0

[Event "Mondiale Semilampo 2016"]
[Site "Doha QAT"]
[Date "2016.12.27"]
[Round "7.44"]
[White "Lalith, Babu M R"]
[Black "Gashimov, Sarkhan"]
[Result "1-0"]
[WhiteTitle "GM"]
[WhiteElo "2587"]
[BlackElo "2351"]
[WhiteFideId "5024595"]
[BlackFideId "13400657"]
[EventDate "2016.12.26"]

1. Nf3 Nf6 2. c4 b6 3. g3 Bb7 4. Bg2 c5 5. O-O e6 6. Nc3 Be7 7. Re1 Ne4 8. Nxe4
Bxe4 9. d3 Bb7 10. e4 Nc6 11. d4 Nxd4 12. Nxd4 cxd4 13. Qxd4 O-O 14. Bf4 d6 15.
Qd2 Rc8 16. Rac1 Rc7 17. a4 e5 18. Be3 Qa8 19. a5 bxa5 20. Qxa5 Rfc8 21. b3 a6
22. Bh3 Bxe4 23. Bb6 Rc5 24. Bxc5 Rxc5 25. Qb6 f5 26. Ra1 Rc6 27. Qe3 Bd8 28.
Qd2 Qb7 29. Rxe4 fxe4 30. Be6+ Kf8 31. Bd5 Qc8 32. Bxc6 Qxc6 33. Qd5 Qxd5 34.
cxd5 a5 35. Re1 Bb6 36. Rxe4 Kf7 37. Kf1 Kf6 38. Ke2 h5 39. f3 Bg1 40. h3 g6 41.
Ra4 Bb6 42. Kd3 Kf5 43. Rc4 Bf2 44. g4+ Kg5 45. Rc6 Kh4 46. Rxd6 Kxh3 47. Rxg6
h4 48. d6 1-0

[Event "Mondiale Semilampo 2016"]
[Site "Doha QAT"]
[Date "2016.12.27"]
[Round "7.45"]
[White "Svane, Rasmus"]
[Black "Hirneise, Jens"]
[Result "0-1"]
[WhiteTitle "GM"]
[BlackTitle "FM"]
[WhiteElo "2555"]
[BlackElo "2315"]
[WhiteFideId "4657101"]
[BlackFideId "24614734"]
[EventDate "2016.12.26"]

1. Nf3 Nf6 2. c4 g6 3. Nc3 Bg7 4. e4 d6 5. d4 O-O 6. Be2 e5 7. Be3 Ng4 8. Bg5 f6
9. Bh4 g5 10. Bg3 Nh6 11. dxe5 dxe5 12. Qc2 g4 13. Rd1 Qe7 14. Nd5 Qf7 15. Nh4
Nc6 16. O-O Be6 17. f4 Nd4 18. Qd2 Bxd5 19. cxd5 Qe7 20. Bd3 Kh8 21. Bf2 c5 22.
f5 Nf7 23. Be3 Nd6 24. Qf2 Qf7 25. Rc1 Rac8 26. Rc3 b6 27. Bb1 Qh5 28. g3 Bh6
29. Bxh6 Qxh6 30. Kg2 Rg8 31. Rh1 Rg5 32. Rcc1 Qg7 33. Bd3 Qb7 34. h3 Qg7 35.
Qe3 Kg8 36. Be2 Nxe2 37. Qxe2 gxh3+ 38. Rxh3 Rg4 39. Rch1 Rxe4 40. Qc2 Qg4 41.
Qf2 Re2 0-1

[Event "Mondiale Semilampo 2016"]
[Site "Doha QAT"]
[Date "2016.12.27"]
[Round "7.46"]
[White "Atabayev, Maksat"]
[Black "Saeed, Ishaq"]
[Result "1-0"]
[WhiteTitle "GM"]
[BlackTitle "FM"]
[WhiteElo "2492"]
[BlackElo "2312"]
[WhiteFideId "14001101"]
[BlackFideId "9301453"]
[EventDate "2016.12.26"]

1. e4 e5 2. Nf3 Nc6 3. Bc4 Bc5 4. c3 Nf6 5. d3 O-O 6. O-O d5 7. exd5 Nxd5 8. Re1
Bg4 9. h3 Bh5 10. Nbd2 Nb6 11. Bb5 f6 12. Ne4 Be7 13. Bxc6 bxc6 14. Ng3 Bg6 15.
d4 exd4 16. Nxd4 Qd7 17. Qf3 Rfe8 18. Bf4 Nd5 19. Rad1 Nxf4 20. Qxf4 Bd6 21. Qf3
Rxe1+ 22. Rxe1 Rb8 23. b3 c5 24. Ndf5 Be5 25. Rd1 Qe6 26. h4 c4 27. b4 Bxg3 28.
Nxg3 Bd3 29. Qf4 Qd6 30. Qe3 Qb6 31. Qe7 Qd6 32. Nf5 Qxe7 33. Nxe7+ Kf7 34. Nc6
Rb6 35. Nxa7 Ra6 36. Nb5 Rxa2 37. Nxc7 g5 38. hxg5 fxg5 39. Re1 h6 40. Nd5 Ra3
41. Re7+ Kg6 42. Re6+ Kf5 43. Re3 g4 44. Kh2 h5 45. Kg3 Ra2 46. Re8 Rb2 47. Rh8
Kg5 48. Nf4 Rb3 49. Rxh5+ Kf6 50. Kxg4 Be4 51. f3 Bg6 52. Rh6 1-0